Highest-Scoring Jetpunk Quiz #16 in 15 Seconds - Statistics

General Stats
  • This quiz has been taken 10 times
  • The average score is 4 of 6
Answer Stats
country % Correct
Iceland
88%
Norway
88%
Russia
88%
Canada
63%
Greenland (Denmark)
50%
United States
50%
No matching quizzes found
Score Distribution
Percent of People with Each Score
Percentile by Number Answered
Your Score History
You have not taken this quiz